000 00289 a2200121 4500
001 194574
040 _cMagnum
100 _aCastilho, Sarah Guimarães de
240 1 0 _aFaz de conta que é assim
_lpor
245 1 0 _aFaz de conta que é assim
697 _aLITERATURA INFANTO
942 _cBK
999 _c194574
_d194574